[Event "PRAGUE OPEN 2020 - A - IM open"]
[Site "?"]
[Date "2020.01.16"]
[Round "8"]
[White "Mis, Mieszko"]
[Black "Sharma, Isha"]
[Result "0-1"]
[BlackElo "2169"]
[WhiteElo "2349"]
[LiveChessVersion "1.4.8"]

1. d4 {[%clk 1:30:50]} d6 {[%clk 1:30:55]} 2. Nf3 {[%clk 1:30:57]} Nf6
{[%clk 1:31:11]} 3. g3 {[%clk 1:31:13]} g6 {[%clk 1:31:20]} 4. Bg2
{[%clk 1:31:35]} Bg7 {[%clk 1:31:45]} 5. O-O {[%clk 1:31:55]} O-O
{[%clk 1:32:12]} 6. b3 {[%clk 1:32:08]} e5 {[%clk 1:25:14]} 7. dxe5
{[%clk 1:32:21]} dxe5 {[%clk 1:25:40]} 8. Ba3 {[%clk 1:32:03]} Qxd1
{[%clk 1:25:26]} 9. Rxd1 {[%clk 1:32:30]} Re8 {[%clk 1:25:51]} 10. Nc3
{[%clk 1:31:17]} c6 {[%clk 1:22:56]} 11. Nd2 {[%clk 1:25:32]} Be6
{[%clk 0:58:07]} 12. Nde4 {[%clk 1:24:33]} Na6 {[%clk 0:56:00]} 13. Nd6
{[%clk 1:22:20]} Re7 {[%clk 0:54:46]} 14. Nc4 {[%clk 1:10:26]} Ree8
{[%clk 0:52:06]} 15. Nd6 {[%clk 0:58:07]} Reb8 {[%clk 0:43:18]} 16. Rd3
{[%clk 0:44:15]} Bf8 {[%clk 0:39:00]} 17. Rad1 {[%clk 0:41:02]} Rd8
{[%clk 0:35:28]} 18. b4 {[%clk 0:29:36]} Bxd6 {[%clk 0:17:56]} 19. Rxd6
{[%clk 0:30:02]} Rxd6 {[%clk 0:17:55]} 20. Rxd6 {[%clk 0:30:29]} Nc7
{[%clk 0:18:16]} 21. Bb2 {[%clk 0:24:55]} Nfd5 {[%clk 0:15:34]} 22. Nxd5
{[%clk 0:23:15]} cxd5 {[%clk 0:15:50]} 23. Bxe5 {[%clk 0:23:36]} Ne8
{[%clk 0:12:37]} 24. Rxd5 {[%clk 0:23:15]} Bxd5 {[%clk 0:13:02]} 25. Bxd5
{[%clk 0:23:42]} Rc8 {[%clk 0:13:27]} 26. c4 {[%clk 0:22:02]} b6 {[%clk 0:13:41]}
27. Kg2 {[%clk 0:21:07]} Kf8 {[%clk 0:13:36]} 28. Kf3 {[%clk 0:21:19]} Ke7
{[%clk 0:13:49]} 29. Ke3 {[%clk 0:20:44]} f6 {[%clk 0:09:01]} 30. Bb2
{[%clk 0:18:10]} Nc7 {[%clk 0:07:06]} 31. Be4 {[%clk 0:15:32]} Ke6
{[%clk 0:06:00]} 32. Bd4 {[%clk 0:14:19]} Rb8 {[%clk 0:04:03]} 33. Kd3
{[%clk 0:13:36]} Ke7 {[%clk 0:03:20]} 34. Kc3 {[%clk 0:10:27]} Ne6
{[%clk 0:03:09]} 35. e3 {[%clk 0:10:23]} Rc8 {[%clk 0:03:27]} 36. a4
{[%clk 0:09:46]} Rb8 {[%clk 0:02:10]} 37. Bd5 {[%clk 0:07:17]} Nc7
{[%clk 0:01:22]} 38. e4 {[%clk 0:05:27]} a5 {[%clk 0:01:43]} 39. b5
{[%clk 0:04:40]} Ne6 {[%clk 0:01:36]} 40. Bxe6 {[%clk 0:04:14]} Kxe6
{[%clk 0:02:02]} 41. c5 {[%clk 0:04:13]} bxc5 {[%clk 0:02:25]} 42. Bxc5
{[%clk 0:04:22]} f5 {[%clk 0:00:54]} 43. Kc4 {[%clk 0:03:29]} fxe4
{[%clk 0:28:15]} 44. b6 {[%clk 0:33:33]} Kd7 {[%clk 0:28:16]} 45. Kb5
{[%clk 0:33:11]} Re8 {[%clk 0:26:52]} 46. Be3 {[%clk 0:31:26]} Kc8
{[%clk 0:25:49]} 47. Kxa5 {[%clk 0:31:09]} Kb7 {[%clk 0:26:12]} 48. Kb5
{[%clk 0:30:38]} Ra8 {[%clk 0:25:06]} 49. a5 {[%clk 0:30:43]} Ra6
{[%clk 0:24:31]} 50. Bf4 {[%clk 0:30:12]} Ra8 {[%clk 0:24:49]} 51. Be5
{[%clk 0:30:38]} Ra6 {[%clk 0:23:37]} 52. Bb8 {[%clk 0:30:16]} Ra8
{[%clk 0:23:51]} 53. Ba7 {[%clk 0:30:27]} Rf8 {[%clk 0:23:35]} 54. a6+
{[%clk 0:30:52]} Ka8 {[%clk 0:24:03]} 55. Kc4 {[%clk 0:16:50]} Rxf2
{[%clk 0:24:25]} 56. Kd4 {[%clk 0:17:13]} Re2 {[%clk 0:24:44]} 57. h3
{[%clk 0:15:47]} e3 {[%clk 0:23:42]} 58. g4 {[%clk 0:14:54]} g5 {[%clk 0:23:25]}
59. Kd3 {[%clk 0:14:36]} Re1 {[%clk 0:23:24]} 60. Ke4 {[%clk 0:14:12]} e2
{[%clk 0:23:46]} 61. Ke3 {[%clk 0:14:26]} Rh1 {[%clk 0:24:05]} 62. Kxe2
{[%clk 0:14:52]} Rxh3 {[%clk 0:24:30]} 63. Kf2 {[%clk 0:15:13]} Ra3
{[%clk 0:24:56]} 64. Kg2 {[%clk 0:15:26]} Rxa6 {[%clk 0:25:21]} 65. Kf3
{[%clk 0:15:41]} Ra4 {[%clk 0:25:46]} 66. Kg3 {[%clk 0:16:02]} Ra3+
{[%clk 0:26:10]} 67. Kf2 {[%clk 0:16:17]} Kb7 {[%clk 0:26:35]} 68. Kg2
{[%clk 0:16:27]} h5 {[%clk 0:24:34]} 69. gxh5 {[%clk 0:16:36]} g4
{[%clk 0:25:01]} 70. h6 {[%clk 0:15:56]} Rh3 {[%clk 0:25:26]} 0-1

[Event "PRAGUE OPEN 2020 - A - IM open"]
[Site "?"]
[Date "2020.01.16"]
[Round "8"]
[White "Wiley, Tom E"]
[Black "Priehoda, Vitezslav"]
[Result "0-1"]
[BlackElo "2341"]
[WhiteElo "2170"]
[LiveChessVersion "1.4.8"]

1. d4 {[%clk 1:30:58]} e6 {[%clk 1:30:53]} 2. c4 {[%clk 1:31:19]} Nf6
{[%clk 1:31:18]} 3. Nc3 {[%clk 1:31:44]} Bb4 {[%clk 1:31:42]} 4. e3
{[%clk 1:32:08]} c5 {[%clk 1:32:07]} 5. Nge2 {[%clk 1:32:32]} b6 {[%clk 1:32:31]}
6. a3 {[%clk 1:31:43]} Ba5 {[%clk 1:32:56]} 7. Rb1 {[%clk 1:31:42]} Na6
{[%clk 1:33:21]} 8. g3 {[%clk 1:31:53]} Bb7 {[%clk 1:33:40]} 9. d5
{[%clk 1:32:17]} b5 {[%clk 1:33:59]} 10. Bg2 {[%clk 1:32:08]} bxc4
{[%clk 1:34:22]} 11. O-O {[%clk 1:32:07]} O-O {[%clk 1:22:15]} 12. e4
{[%clk 1:27:35]} exd5 {[%clk 1:18:25]} 13. Nxd5 {[%clk 1:16:03]} Nc7
{[%clk 1:17:01]} 14. Nxf6+ {[%clk 1:09:12]} Qxf6 {[%clk 1:17:20]} 15. Qxd7
{[%clk 1:07:40]} Rad8 {[%clk 0:53:39]} 16. Qa4 {[%clk 1:06:23]} Qa6
{[%clk 0:54:05]} 17. Be3 {[%clk 0:56:58]} Bc6 {[%clk 0:47:15]} 18. Qc2
{[%clk 0:56:55]} Ne6 {[%clk 0:47:40]} 19. Rfd1 {[%clk 0:44:57]} Rd3
{[%clk 0:47:47]} 20. Nf4 {[%clk 0:41:08]} Nxf4 {[%clk 0:42:26]} 21. Bxf4
{[%clk 0:40:23]} Bb6 {[%clk 0:42:23]} 22. Re1 {[%clk 0:38:24]} Ba4
{[%clk 0:38:51]} 23. Qe2 {[%clk 0:38:25]} Rfd8 {[%clk 0:32:47]} 24. e5
{[%clk 0:29:13]} Ba5 {[%clk 0:33:08]} 25. Rec1 {[%clk 0:28:58]} Qe6
{[%clk 0:25:15]} 26. h4 {[%clk 0:25:54]} Bb5 {[%clk 0:22:40]} 27. Qh5
{[%clk 0:23:21]} g6 {[%clk 0:18:16]} 28. Qh6 {[%clk 0:20:35]} R8d4
{[%clk 0:14:42]} 29. Rc2 {[%clk 0:16:40]} Qf5 {[%clk 0:08:16]} 30. Rcc1
{[%clk 0:15:14]} Qe6 {[%clk 0:07:43]} 31. h5 {[%clk 0:10:17]} Bd2
{[%clk 0:07:58]} 32. Bxd2 {[%clk 0:10:14]} Rxd2 {[%clk 0:08:26]} 33. hxg6
{[%clk 0:08:27]} hxg6 {[%clk 0:08:47]} 34. Re1 {[%clk 0:08:35]} Qf5
{[%clk 0:06:46]} 35. Qe3 {[%clk 0:07:48]} R2d3 {[%clk 0:07:11]} 36. Qe2
{[%clk 0:08:11]} Rd2 {[%clk 0:06:43]} 37. Qe3 {[%clk 0:08:32]} Bd7
{[%clk 0:05:49]} 38. Bf1 {[%clk 0:03:08]} Be6 {[%clk 0:05:16]} 39. Bg2
{[%clk 0:02:24]} R2d3 {[%clk 0:03:47]} 40. Qe2 {[%clk 0:02:31]} Qg5
{[%clk 0:02:57]} 41. Qf1 {[%clk 0:28:17]} Qd8 {[%clk 0:23:33]} 42. Bh3
{[%clk 0:26:11]} Qd7 {[%clk 0:14:32]} 43. Bxe6 {[%clk 0:26:18]} Qxe6
{[%clk 0:13:51]} 44. Qg2 {[%clk 0:22:44]} Kg7 {[%clk 0:13:48]} 45. Qb7
{[%clk 0:22:17]} Qb6 {[%clk 0:12:03]} 46. Qxb6 {[%clk 0:18:55]} axb6
{[%clk 0:12:32]} 47. e6 {[%clk 0:19:20]} fxe6 {[%clk 0:12:58]} 48. Rxe6
{[%clk 0:19:46]} Rd1+ {[%clk 0:09:35]} 49. Rxd1 {[%clk 0:19:04]} Rxd1+
{[%clk 0:10:04]} 50. Kg2 {[%clk 0:19:28]} Rb1 {[%clk 0:10:32]} 51. Re2
{[%clk 0:19:51]} Kf6 {[%clk 0:09:32]} 52. f4 {[%clk 0:18:35]} Rc1
{[%clk 0:07:29]} 53. g4 {[%clk 0:13:15]} Rd1 {[%clk 0:06:48]} 54. Rc2
{[%clk 0:11:38]} Ke6 {[%clk 0:06:44]} 55. Rxc4 {[%clk 0:10:34]} Rd2+
{[%clk 0:07:08]} 56. Kg3 {[%clk 0:10:57]} Rxb2 {[%clk 0:07:35]} 57. Kh4
{[%clk 0:11:07]} Kd5 {[%clk 0:06:17]} 58. Rc1 {[%clk 0:11:01]} c4
{[%clk 0:06:31]} 59. Kg5 {[%clk 0:11:25]} Rg2 {[%clk 0:06:13]} 60. a4
{[%clk 0:05:00]} Rg3 {[%clk 0:05:01]} 61. f5 {[%clk 0:03:44]} gxf5
{[%clk 0:05:26]} 62. Kxf5 {[%clk 0:04:12]} Rf3+ {[%clk 0:05:05]} 63. Kg6
{[%clk 0:04:35]} Ra3 {[%clk 0:04:19]} 64. g5 {[%clk 0:04:44]} Rxa4
{[%clk 0:04:46]} 65. Kf7 {[%clk 0:05:03]} b5 {[%clk 0:04:42]} 66. g6
{[%clk 0:05:27]} b4 {[%clk 0:03:02]} 67. Rd1+ {[%clk 0:03:49]} Kc5
{[%clk 0:03:10]} 68. Re1 {[%clk 0:04:12]} Ra2 {[%clk 0:02:49]} 69. g7
{[%clk 0:04:18]} Rf2+ {[%clk 0:01:49]} 70. Ke6 {[%clk 0:03:50]} Rg2
{[%clk 0:02:17]} 71. Kf6 {[%clk 0:04:06]} Rxg7 {[%clk 0:02:23]} 72. Kxg7
{[%clk 0:04:31]} b3 {[%clk 0:02:15]} 73. Kf6 {[%clk 0:04:32]} c3 {[%clk 0:01:41]}
74. Re8 {[%clk 0:03:05]} b2 {[%clk 0:01:48]} 75. Rb8 {[%clk 0:03:31]} c2
{[%clk 0:01:55]} 76. Rxb2 {[%clk 0:03:57]} c1=Q {[%clk 0:02:21]} 77. Rf2
{[%clk 0:04:15]} Qh6+ {[%clk 0:02:33]} 78. Kf7 {[%clk 0:04:16]} Qh5+
{[%clk 0:02:21]} 79. Kf8 {[%clk 0:04:09]} Kd6 {[%clk 0:02:17]} 80. Rf6+
{[%clk 0:01:43]} Ke5 {[%clk 0:02:32]} 81. Rf7 {[%clk 0:02:02]} Qh6+
{[%clk 0:02:44]} 82. Ke7 {[%clk 0:02:18]} Qd6+ {[%clk 0:02:36]} 83. Ke8
{[%clk 0:02:45]} Qb8+ {[%clk 0:02:51]} 84. Ke7 {[%clk 0:03:08]} Qc8
{[%clk 0:03:07]} 85. Rg7 {[%clk 0:03:16]} Qc7+ {[%clk 0:03:09]} 86. Kf8
{[%clk 0:03:42]} Qd8+ {[%clk 0:03:34]} 87. Kf7 {[%clk 0:04:03]} Kf5
{[%clk 0:03:35]} 88. Rh7 {[%clk 0:03:41]} Qf6+ {[%clk 0:03:13]} 89. Kg8
{[%clk 0:04:05]} Qd8+ {[%clk 0:03:20]} 90. Kf7 {[%clk 0:03:48]} Qd7+
{[%clk 0:03:44]} 91. Kg8 {[%clk 0:04:13]} Qe8+ {[%clk 0:04:12]} 92. Kg7
{[%clk 0:04:34]} Kg5 {[%clk 0:03:30]} 93. Rh1 {[%clk 0:04:25]} Qd7+
{[%clk 0:03:42]} 94. Kf8 {[%clk 0:03:12]} Qc8+ {[%clk 0:04:11]} 0-1

[Event "PRAGUE OPEN 2020 - A - IM open"]
[Site "?"]
[Date "2020.01.16"]
[Round "8"]
[White "Domogaev, Sergey"]
[Black "Ochedzan, Tymon"]
[Result "1/2-1/2"]
[BlackElo "2140"]
[WhiteElo "2334"]
[LiveChessVersion "1.4.8"]

1. d4 {[%clk 1:30:54]} Nf6 {[%clk 1:30:48]} 2. c4 {[%clk 1:31:19]} g6
{[%clk 1:31:11]} 3. Nc3 {[%clk 1:31:41]} Bg7 {[%clk 1:31:30]} 4. e4
{[%clk 1:32:05]} d6 {[%clk 1:31:28]} 5. h3 {[%clk 1:32:25]} O-O {[%clk 1:30:34]}
6. Be3 {[%clk 1:32:51]} Na6 {[%clk 1:26:20]} 7. Nf3 {[%clk 1:30:04]} e5
{[%clk 1:22:18]} 8. d5 {[%clk 1:30:07]} Nc5 {[%clk 1:17:22]} 9. Qc2
{[%clk 1:26:51]} a5 {[%clk 1:16:52]} 10. g4 {[%clk 1:27:06]} c6 {[%clk 1:04:39]}
11. Bxc5 {[%clk 1:21:30]} dxc5 {[%clk 1:02:10]} 12. Be2 {[%clk 1:20:46]} Ne8
{[%clk 0:59:31]} 13. O-O-O {[%clk 1:20:22]} Qe7 {[%clk 0:52:42]} 14. Qd2
{[%clk 1:13:22]} Bd7 {[%clk 0:50:04]} 15. Rhg1 {[%clk 1:07:23]} f5
{[%clk 0:44:52]} 16. gxf5 {[%clk 1:05:18]} gxf5 {[%clk 0:43:34]} 17. dxc6
{[%clk 1:04:06]} Bxc6 {[%clk 0:42:51]} 18. Ng5 {[%clk 0:57:20]} fxe4
{[%clk 0:35:42]} 19. Nd5 {[%clk 0:43:08]} Bxd5 {[%clk 0:35:34]} 20. Qxd5+
{[%clk 0:43:28]} Kh8 {[%clk 0:35:18]} 21. Qxe4 {[%clk 0:39:52]} Bh6
{[%clk 0:30:18]} 22. Qe3 {[%clk 0:32:46]} Nd6 {[%clk 0:28:34]} 23. Rd5
{[%clk 0:29:58]} Rae8 {[%clk 0:26:47]} 24. h4 {[%clk 0:29:56]} Nf5
{[%clk 0:23:17]} 25. Qxc5 {[%clk 0:29:29]} Nxh4 {[%clk 0:21:18]} 26. Qxe7
{[%clk 0:25:19]} Rxe7 {[%clk 0:21:38]} 27. Kd1 {[%clk 0:25:34]} Rxf2
{[%clk 0:17:46]} 28. Rxa5 {[%clk 0:25:22]} Ng6 {[%clk 0:15:08]} 29. Ke1
{[%clk 0:25:12]} Rf8 {[%clk 0:14:15]} 30. Rb5 {[%clk 0:13:08]} Nf4
{[%clk 0:12:37]} 31. Ne4 {[%clk 0:13:02]} Rd8 {[%clk 0:11:15]} 32. Rb6
{[%clk 0:08:28]} Nd3+ {[%clk 0:10:07]} 33. Bxd3 {[%clk 0:08:18]} Be3
{[%clk 0:10:02]} 34. Rh1 {[%clk 0:07:33]} Bxb6 {[%clk 0:10:14]} 35. Ke2
{[%clk 0:07:59]} Bd4 {[%clk 0:09:39]} 36. Ng5 {[%clk 0:04:11]} Rdd7
{[%clk 0:07:48]} 37. Bf5 {[%clk 0:04:00]} Rc7 {[%clk 0:07:36]} 38. b3
{[%clk 0:04:17]} b6 {[%clk 0:02:57]} 39. Kf3 {[%clk 0:04:03]} Ra7
{[%clk 0:02:53]} 40. a4 {[%clk 0:02:05]} Rg7 {[%clk 0:01:57]} 41. Rh5
{[%clk 0:02:26]} Bb2 {[%clk 0:26:48]} 42. Ke4 {[%clk 0:32:12]} Rae7
{[%clk 0:20:58]} 43. Ne6 {[%clk 0:24:43]} Rg3 {[%clk 0:17:48]} 44. Ng5
{[%clk 0:18:02]} Rxb3 {[%clk 0:16:59]} 45. Nxh7 {[%clk 0:18:22]} Rb4
{[%clk 0:12:32]} 46. Kd5 {[%clk 0:10:16]} e4 {[%clk 0:06:34]} 47. Ng5+
{[%clk 0:08:55]} Kg8 {[%clk 0:05:59]} 48. Be6+ {[%clk 0:06:43]} Kf8
{[%clk 0:06:21]} 49. Nxe4 {[%clk 0:06:52]} Rxa4 50. Rh2 {[%clk 0:04:13]} Ra5+
{[%clk 0:02:38]} 51. c5 {[%clk 0:04:38]} Ba3 {[%clk 0:02:09]} 52. Rf2+
{[%clk 0:05:03]} Kg7 {[%clk 0:02:29]} 53. Rg2+ {[%clk 0:05:28]} Kh8
{[%clk 0:02:10]} 54. Rg8+ {[%clk 0:03:23]} Kh7 {[%clk 0:02:35]} 55. Nf6+
{[%clk 0:03:49]} Kh6 {[%clk 0:03:01]} 56. Ng4+ {[%clk 0:04:05]} Kh5
{[%clk 0:03:21]} 57. Nf6+ {[%clk 0:04:28]} Kh4 {[%clk 0:02:38]} 58. Rg4+
{[%clk 0:04:38]} Kh3 {[%clk 0:03:05]} 59. Rg7+ {[%clk 0:04:19]} Rxe6
{[%clk 0:03:29]} 60. Kxe6 {[%clk 0:04:43]} Bxc5 {[%clk 0:03:13]} 61. Nd5
{[%clk 0:04:52]} Ra8 {[%clk 0:02:58]} 62. Rb7 {[%clk 0:04:31]} Rh8
{[%clk 0:03:02]} 63. Kd7 {[%clk 0:04:29]} Rh6 {[%clk 0:03:00]} 64. Kc7
{[%clk 0:04:45]} Kg4 {[%clk 0:03:02]} 65. Nxb6 {[%clk 0:05:08]} 1/2-1/2

[Event "PRAGUE OPEN 2020 - A - IM open"]
[Site "?"]
[Date "2020.01.16"]
[Round "8"]
[White "Shehzad, Shazil"]
[Black "Strebkovs, Andrejs"]
[Result "0-1"]
[BlackElo "2278"]
[WhiteElo "2162"]
[LiveChessVersion "1.4.8"]

1. e4 d6 2. d4 g6 3. Nc3 c6 4. f4 d5 5. e5 h5 6. Nf3 Nh6 7. Be3 Bg4 8. h3 Nf5 9.
Bf2 Bxf3 10. Qxf3 h4 11. Bd3 e6 12. O-O Nd7 13. Ne2 Be7 14. b3 Kf8 15. c4 a5 16.
Rab1 Kg7 17. Rfc1 Qb8 18. Kh2 Nb6 19. Bxf5 gxf5 20. g4 hxg3+ 21. Qxg3+ Kf8 22.
Rg1 Ke8 23. Nc3 Kd7 24. c5 Nc8 25. Qg7 Rf8 26. Na4 Ra6 27. Bh4 Ke8 28. Bxe7 Nxe7
29. Nb6 Qd8 30. Rbd1 Rxb6 31. cxb6 Qxb6 32. Qg3 Ng6 33. Qf2 Rh8 34. Rd3 Qd8 35.
Rg5 Kd7 36. Qg3 Qf8 37. Kg1 Qa3 38. Rd1 Qxa2 39. Qe3 Qc2 40. Re1 Qe4 41. Qxe4
dxe4 42. Rg3 Nxf4 43. Kh2 Nd5 44. Reg1 Nf4 45. Re1 Ng6 46. Rg2 Kc7 47. Ra2 Rd8
48. Ra4 b6 49. Kg3 Rg8 50. Kh2 Nh4 51. Rd1 Rg2+ 52. Kh1 Rb2 53. Rda1 Rxb3 54.
R4a3 Rb4 0-1

[Event "PRAGUE OPEN 2020 - A - IM open"]
[Site "Praha, Olympik hotel"]
[Date "2020.01.16"]
[Round "8"]
[White "SIDDHARTH, Jagadeesh"]
[Black "LLOPIS DE AYSA, Manuel"]
[Result "1/2-1/2"]
[WhiteElo "2301"]
[BlackElo "2066"]
[PlyCount "62"]
[EventDate "2020.01.10"]

1. d4 d6 2. Nf3 g6 3. e4 Nf6 4. Nc3 Bg7 5. Be3 O-O 6. Be2 c6 7. a4 Qc7 8. O-O
e5 9. Qd2 exd4 10. Nxd4 Re8 11. f3 d5 12. exd5 Nxd5 13. Nxd5 cxd5 14. c3 Nc6
15. Rfe1 Be5 16. f4 Nxd4 17. cxd4 Bg7 18. Rac1 Qd6 19. Bd3 Bf5 20. Bxf5 gxf5
21. Bf2 Re4 22. g3 Rae8 23. a5 Bf6 24. Kg2 Kg7 25. Qc3 Re2 26. Rxe2 Rxe2 27.
Rc2 Qe6 28. Rxe2 Qxe2 29. Qb4 Qe4+ 30. Kg1 Qb1+ 31. Kg2 Qe4+ 1/2-1/2

[Event "PRAGUE OPEN 2020 - A - IM open"]
[Site "Praha, Olympik hotel"]
[Date "2020.01.16"]
[Round "8"]
[White "CZERNEK, Tymon"]
[Black "PRIBYLOVA, Sofie"]
[Result "1-0"]
[WhiteElo "2038"]
[BlackElo "2156"]
[PlyCount "55"]
[EventDate "2020.01.10"]

1. e4 c5 2. Nf3 d6 3. Nc3 a6 4. e5 dxe5 5. Nxe5 Nf6 6. g3 Qc7 7. d4 cxd4 8.
Qxd4 Nc6 9. Nxc6 Qxc6 10. Bg5 Nd7 11. O-O-O e5 12. Qxe5+ Qe6 13. Qc7 Be7 14.
Bxe7 Qxe7 15. Bh3 O-O 16. Bxd7 Bxd7 17. Qxd7 Qg5+ 18. f4 Qa5 19. Qa4 Qc5 20.
Rhe1 b5 21. Qd4 Qc7 22. Nd5 Qa5 23. a3 Kh8 24. Qb6 Qa4 25. Rd4 b4 26. Nc3 bxc3
27. Rxa4 cxb2+ 28. Qxb2 1-0

[Event "PRAGUE OPEN 2020 - A - IM open"]
[Site "Praha, Olympik hotel"]
[Date "2020.01.16"]
[Round "8"]
[White "SVOBODOVA, Michaela"]
[Black "KRISTIANSEN, Willy M"]
[Result "1-0"]
[WhiteElo "2015"]
[BlackElo "2137"]
[PlyCount "44"]
[EventDate "2020.01.10"]

1. e4 e5 2. Nf3 Nc6 3. Nc3 Nf6 4. d4 exd4 5. Nxd4 Bb4 6. Nxc6 bxc6 7. Bd3 d5 8.
exd5 O-O 9. O-O cxd5 10. Bg5 c6 11. Na4 h6 12. Bh4 Bd6 13. Re1 Rb8 14. c3 Be6
15. Bc2 g5 16. Bg3 Bxg3 17. hxg3 d4 18. Nc5 Bg4 19. f3 dxc3 20. Qxd8 Rfxd8 21.
fxg4 Rxb2 22. Re2 Rd5 1-0

[Event "PRAGUE OPEN 2020 - A - IM open"]
[Site "Praha, Olympik hotel"]
[Date "2020.01.16"]
[Round "8"]
[White "LAVERTON, Christian"]
[Black "KOUBOVA, Anna Marie"]
[Result "1-0"]
[WhiteElo "2109"]
[BlackElo "1930"]
[PlyCount "53"]
[EventDate "2020.01.10"]

1. d4 Nf6 2. Nf3 g6 3. c4 Bg7 4. Nc3 O-O 5. Bf4 d6 6. e3 Nbd7 7. Be2 c6 8. h3
Re8 9. O-O Nh5 10. Bh2 e5 11. Rc1 Qe7 12. b4 f5 13. c5 dxc5 14. bxc5 e4 15. Bd6
Qd8 16. Nd2 Nhf6 17. Bc4+ Kh8 18. Bf7 Nf8 19. Nc4 Be6 20. Ne5 Re7 21. Bxe6 Nxe6
22. Qb3 Ne8 23. Bxe7 Qxe7 24. Nc4 Rd8 25. Rb1 Qh4 26. Nd6 Nxd6 27. Qxe6 1-0

[Event "PRAGUE OPEN 2020 - A - IM open"]
[Site "Praha, Olympik hotel"]
[Date "2020.01.16"]
[Round "8"]
[White "JOHANNSDOTTIR, Johanna Bjorg"]
[Black "OTRUBA, Marek"]
[Result "0-1"]
[WhiteElo "1929"]
[BlackElo "2091"]
[PlyCount "54"]
[EventDate "2020.01.10"]

1. e4 c5 2. Nf3 d6 3. Bc4 Nf6 4. d3 Nc6 5. c3 g6 6. O-O Bg7 7. Nbd2 O-O 8. Bb3
Rb8 9. Re1 Bg4 10. h3 Bxf3 11. Qxf3 Ne5 12. Qe2 Qc7 13. f4 Nxd3 14. Bxf7+ Rxf7
15. Qxd3 c4 16. Qe2 Nd7 17. Nxc4 Nc5 18. f5 Nd3 19. Rf1 Rbf8 20. Ne3 a6 21.
fxg6 Rxf1+ 22. Nxf1 b5 23. Be3 b4 24. Qxd3 bxc3 25. bxc3 Bxc3 26. Rb1 hxg6 27.
Qxc3 Qxc3 0-1

[Event "PRAGUE OPEN 2020 - A - IM open"]
[Site "Praha, Olympik hotel"]
[Date "2020.01.16"]
[Round "8"]
[White "KAUSHIK, G Iyer"]
[Black "TOMAN, Jan"]
[Result "1/2-1/2"]
[WhiteElo "1781"]
[BlackElo "2101"]
[PlyCount "36"]
[EventDate "2020.01.10"]

1. d4 Nf6 2. c4 g6 3. Nf3 Bg7 4. g3 d6 5. Bg2 O-O 6. O-O Nc6 7. d5 Na5 8. Qa4
c5 9. Bd2 b6 10. Bc3 Bd7 11. Qc2 Rb8 12. Nbd2 e5 13. dxe6 Bxe6 14. e4 Nd7 15.
b3 Nc6 16. Bxg7 Kxg7 17. Qc3+ Qf6 18. Qxf6+ Nxf6 1/2-1/2

[Event "PRAGUE OPEN 2020 - A - IM open"]
[Site "Praha, Olympik hotel"]
[Date "2020.01.16"]
[Round "8"]
[White "VORISEK, Jakub"]
[Black "ORTOFT, Kai"]
[Result "1-0"]
[WhiteElo "2229"]
[BlackElo "1963"]
[PlyCount "67"]
[EventDate "2020.01.10"]

1. e4 d6 2. d4 Nf6 3. Nc3 Nbd7 4. Nf3 e5 5. Bc4 h6 6. O-O c6 7. a4 Qc7 8. h3 a5
9. Qe2 Be7 10. Be3 Nf8 11. Rfd1 g5 12. h4 g4 13. Nh2 h5 14. g3 Ne6 15. d5 Nf8
16. Ra3 c5 17. Nb5 Qb8 18. Bd2 Bd7 19. c3 b6 20. b4 Bd8 21. bxc5 bxc5 22. Rb1
Ke7 23. Nf1 N8h7 24. Qd3 Qc8 25. Rab3 Ne8 26. Ne3 f6 27. Qc2 Ng7 28. Bd3 Ne8
29. R3b2 Rf8 30. Na3 Nc7 31. Nac4 Ne8 32. Rb7 Rf7 33. Nf5+ Kf8 34. Nfxd6 1-0

[Event "PRAGUE OPEN 2020 - A - IM open"]
[Site "Praha, Olympik hotel"]
[Date "2020.01.16"]
[Round "8"]
[White "ERIKSSON, Christian Altenburg"]
[Black "ZEMLICKA, Vit"]
[Result "1/2-1/2"]
[WhiteElo "2121"]
[BlackElo "1935"]
[PlyCount "44"]
[EventDate "2020.01.10"]

1. e4 g6 2. d4 Bg7 3. Nc3 d6 4. Nf3 Nf6 5. Be2 O-O 6. O-O a6 7. Re1 Nc6 8. d5
Nb8 9. a4 e5 10. dxe6 Bxe6 11. Bg5 h6 12. Bf4 Nc6 13. Qd2 g5 14. Be3 Ng4 15.
Nd4 Nxe3 16. Nxc6 bxc6 17. Qxe3 a5 18. Rab1 Rb8 19. b3 Re8 20. Bf1 f5 21. Qd2
f4 22. Nd1 Rb4 1/2-1/2

[Event "PRAGUE OPEN 2020 - A - IM open"]
[Site "Praha, Olympik hotel"]
[Date "2020.01.16"]
[Round "8"]
[White "JUHANAK, Daniel"]
[Black "WIKAR, Martyna"]
[Result "1/2-1/2"]
[WhiteElo "1567"]
[BlackElo "1978"]
[PlyCount "59"]
[EventDate "2020.01.10"]

1. d4 Nf6 2. Nf3 g6 3. c4 Bg7 4. g3 O-O 5. Bg2 d6 6. Nc3 Nbd7 7. e4 e5 8. O-O
Re8 9. h3 b6 10. dxe5 dxe5 11. Be3 Bb7 12. Nd2 Bf8 13. Nb3 a5 14. a4 Ba6 15.
Qe2 Qe7 16. Rfd1 Qb4 17. Nd2 Qxb2 18. Nd5 Nxd5 19. exd5 e4 20. Rab1 Qc2 21.
Rdc1 Qxa4 22. Nxe4 Bg7 23. d6 Rac8 24. Qd3 Ne5 25. Qd1 Qd7 26. dxc7 Rxc7 27.
Bxb6 Rxc4 28. Qxd7 Rxc1+ 29. Rxc1 Nxd7 30. Bxa5 1/2-1/2

[Event "PRAGUE OPEN 2020 - A - IM open"]
[Site "Praha, Olympik hotel"]
[Date "2020.01.16"]
[Round "8"]
[White "HERTLEIN, Irena"]
[Black "BRHEL, Jan"]
[Result "1/2-1/2"]
[WhiteElo "1825"]
[BlackElo "2056"]
[PlyCount "20"]
[EventDate "2020.01.10"]

1. d4 Nf6 2. Bf4 g6 3. e3 Bg7 4. Nf3 O-O 5. h3 d6 6. Be2 b6 7. O-O Bb7 8. c4
Nbd7 9. Nc3 Ne8 10. Bh2 e5 1/2-1/2

[Event "PRAGUE OPEN 2020 - A - IM open"]
[Site "Praha, Olympik hotel"]
[Date "2020.01.16"]
[Round "8"]
[White "NAHORNYI, Ihor"]
[Black "PESOLA, Jyrki"]
[Result "1-0"]
[WhiteElo "2074"]
[BlackElo "1874"]
[PlyCount "57"]
[EventDate "2020.01.10"]

1. e4 c5 2. Nf3 g6 3. d4 cxd4 4. Nxd4 Bg7 5. Nc3 Nc6 6. Nb3 Nf6 7. Be2 O-O 8.
O-O d6 9. Bg5 a5 10. a4 Bd7 11. f4 Qc8 12. Bf3 Re8 13. Nd5 Nxd5 14. exd5 Nb4
15. c3 Na6 16. Re1 f6 17. Bh4 Nc5 18. Nd4 e5 19. dxe6 Nxe6 20. Qb3 Kf8 21. Bxb7
Nxd4 22. Qd5 Qc7 23. Bxa8 Nf5 24. Rxe8+ Bxe8 25. Bf2 Ne7 26. Qb7 Qd8 27. Bb6
Qc8 28. Qxc8 Nxc8 29. Bxa5 1-0

[Event "PRAGUE OPEN 2020 - A - IM open"]
[Site "Praha, Olympik hotel"]
[Date "2020.01.16"]
[Round "8"]
[White "PRIBYL, Viktor"]
[Black "AIRD, Ian"]
[Result "1-0"]
[WhiteElo "2028"]
[BlackElo "1857"]
[PlyCount "47"]
[EventDate "2020.01.10"]

1. Nf3 d5 2. c4 e6 3. b3 Nf6 4. Bb2 Be7 5. g3 O-O 6. Bg2 c5 7. O-O Nc6 8. e3
Re8 9. Qe2 Bf8 10. d4 b6 11. Rd1 Bb7 12. Nc3 cxd4 13. cxd5 Nb4 14. dxe6 fxe6
15. Rxd4 Qc7 16. Rc1 Qe7 17. Nb5 Rac8 18. Nd6 Rxc1+ 19. Bxc1 Rb8 20. Nxb7 Qxb7
21. Ba3 a5 22. Ng5 Qe7 23. Qc4 Nfd5 24. Nxe6 1-0

[Event "PRAGUE OPEN 2020 - A - IM open"]
[Site "Praha, Olympik hotel"]
[Date "2020.01.16"]
[Round "8"]
[White "MINDL, Josef"]
[Black "ROMANESCO, Roel"]
[Result "1/2-1/2"]
[WhiteElo "1990"]
[BlackElo "1856"]
[PlyCount "37"]
[EventDate "2020.01.10"]

1. d4 d5 2. c4 e6 3. Nc3 Nf6 4. Bg5 Be7 5. Nf3 h6 6. Bh4 O-O 7. e3 Nbd7 8. Bd3
c5 9. O-O b6 10. Qe2 Bb7 11. Rfd1 dxc4 12. Bxc4 Nd5 13. Bxe7 Nxc3 14. bxc3 Qxe7
15. e4 Nf6 16. Bd3 Rfd8 17. Rac1 Rac8 18. Bb1 g6 19. h3 1/2-1/2

[Event "PRAGUE OPEN 2020 - A - IM open"]
[Site "Praha, Olympik hotel"]
[Date "2020.01.16"]
[Round "8"]
[White "ACEVEDO MENDEZ, Lisseth"]
[Black "ELISEEV, Sergey"]
[Result "0-1"]
[WhiteElo "1864"]
[BlackElo "1959"]
[PlyCount "52"]
[EventDate "2020.01.10"]

1. e4 c5 2. Nf3 d6 3. Bb5+ Bd7 4. Bxd7+ Qxd7 5. O-O g6 6. Qe2 Bg7 7. c3 Nc6 8.
Rd1 e5 9. d3 Nf6 10. Nbd2 O-O 11. Nf1 d5 12. Ng3 d4 13. h4 h5 14. cxd4 Nxd4 15.
Nxd4 exd4 16. b3 Ng4 17. Bg5 Qd6 18. Qd2 Bf6 19. Rac1 b6 20. Rc4 Rae8 21. b4
Bxg5 22. Qxg5 Re5 23. bxc5 bxc5 24. Nf5 Rxf5 25. exf5 Qh2+ 26. Kf1 Re8 0-1